000 00301nam a2200121Ia 4500
008 190216s9999||||xx |||||||||||||| ||und||
100 _aVan Loon Gary Wad
245 0 _aEnvironmental Chemistry
260 _bOxford University Press
_c2003
300 _a492
650 _aChemistry-Chemistry
942 _cBK
999 _c3148
_d3148